A Taste of War : (Record no. 187229)

000 -LEADER
fixed length control field 00681 a2200157 4500
003 - CONTROL NUMBER IDENTIFIER
control field NUST
005 - DATE AND TIME OF LATEST TRANSACTION
control field 20230131132706.0
040 ## - CATALOGING SOURCE
Transcribing agency Nust
082 ## - DEWEY DECIMAL CLASSIFICATION NUMBER
Classification number 940.548,TAS
245 ## - TITLE STATEMENT
Title A Taste of War :
Remainder of title Eyewitness Accounts /
Statement of responsibility, etc. Harold elk Straubing: Editor
260 ## - PUBLICATION, DISTRIBUTION, ETC.
Name of publisher, distributor, etc. Army Education Press
Place of publication, distribution, etc. Lahore
Date of publication, distribution, etc. 1979
300 ## - PHYSICAL DESCRIPTION
Extent 318;P.
505 ## - FORMATTED CONTENTS NOTE
Formatted contents note Introduction (Page-11), Prelude to War (Page-15), The Recruits (Page-99), The War on Land (Page-133), The War at Sea (Page-167), The War in the Air (Page-191), Prisoners of War (Page-215), The Home Fronts (Page-259), The War’s End (Page-275), The Occupiers (Page-293).
650 ## - SUBJECT ADDED ENTRY--TOPICAL TERM
Topical term or geographic name entry element Taste of War
9 (RLIN) 108239
942 ## - ADDED ENTRY ELEMENTS (KOHA)
Source of classification or shelving scheme
Koha item type Book
Call number prefix 940.548,TAS
Holdings
Withdrawn status Lost status Source of classification or shelving scheme Damaged status Not for loan Permanent Location Current Location Shelving location Date acquired Full call number Barcode Date last seen Price effective from Koha item type Public note
          Military College of Signals (MCS) Military College of Signals (MCS) General Stacks 12/12/2016 940.548,TAS MCS21754 12/08/2016 12/12/2016 Book Almirah No.60, Shelf No.4
© 2023 Central Library, National University of Sciences and Technology. All Rights Reserved.